Science Quiz

Random Science or Clickable Quiz

Medical Acronym Pick Quiz Stats

 Plays Quiz Updated Jul 17, 2017

Support Sporcle.
Go Orange.
Score 0/93 Timer 10:00
1 Play Today
% Correct
immune
90.5%
deficiency
85.8%
acquired
83.7%
gram
80.6%
electro
80.4%
cardio
80.2%
magnetic
79.1%
imaging
77.1%
pulmonary
76.5%
nose
75.8%
resonance
75.6%
throat
75.3%
chronic
75%
unit
74.5%
gastro
74.1%
obstructive
73.9%
deep
73.5%
care
73.1%
device
72.5%
thrombosis
72.5%
ear
72.4%
intra
72.3%
intensive
72.3%
esophageal
72.3%
urinary
71.9%
tract
71.8%
uterine
71.8%
neonatal
71.8%
infection
71.5%
syndrome
71.2%
non
70.9%
% Correct
syndrome
70.6%
syndrome
70.5%
vein
70.5%
disorder
67.8%
disease
67.5%
virus
67.4%
reflux
66.9%
blastoma
65.3%
ovarian
64.9%
pill
64%
cystic
63.9%
benign
63.6%
personality
63.6%
disease
63.6%
inflammatory
63.2%
poly
62.4%
lateral
62.3%
drug
62%
leukemia
61.3%
contraceptive
61.1%
borderline
60.6%
thyroid
60.6%
cava
60.4%
resistant
60.1%
hyperplasia
59.9%
acute
59.5%
hormone
59.5%
herpes
59.4%
erythematosus
58.5%
respiratory
58.4%
staphylococcus
58.3%
% Correct
simplex
57.8%
ventricular
57.7%
aureus
57.6%
inhibitor
57.2%
vena
57.2%
methicillin
56.5%
therapy
56.5%
steroidal
56.3%
oral
56%
myeloid
55.8%
inferior
55.3%
highly
54.6%
glio
54.4%
prostatic
54.4%
amyotrophic
53.8%
anti
53.1%
stimulating
52.5%
multiforme
51%
sclerosis
50.6%
reuptake
50.3%
acute
49.7%
active
48.6%
serotonin
47.9%
lupus
47.7%
selective
47.7%
severe
47%
defect
46%
septal
41%
retroviral
40.7%
anti
40.1%
systemic
36.5%

You're not logged in!

Compare scores with friends on all Sporcle quizzes.
OR
Log In

From the Vault

Colleges with 5+ First Round NFL Draft Picks

by ductilescarab90

Some people were never picked last on the kickball team and it shows.
Remove Ads.
Support Sporcle.
Get the best of Sporcle when you Go Orange. This ad-free experience offers more features, more stats, and more fun while also helping to support Sporcle. Thank you for becoming a member.

Show Comments

Extras

Top Quizzes Today


Score Distribution

Your Account Isn't Verified!

In order to create a playlist on Sporcle, you need to verify the email address you used during registration. Go to your Sporcle Settings to finish the process.

Report this User

Report this user for behavior that violates our Community Guidelines.

Details: